| 000 | 00509nam a2200193 a 4500 | ||
|---|---|---|---|
| 001 | 000006378 | ||
| 003 | OSt | ||
| 005 | 20260321073638.0 | ||
| 008 | 090828s2000 dr r 001 0 spa d | ||
| 020 | _a9993410020 | ||
| 040 |
_aDO-SdBNP _bspa _cBNPHU |
||
| 082 |
_axxx _bB742n |
||
| 100 | 1 |
_a Bosch, Juan, _d1909-2001 _976555 |
|
| 245 | 1 | 3 |
_aEl Napoleón de las guerrillas / _cJuan Bosch. |
| 250 | _a7a ed | ||
| 260 |
_aSanto Domingo : _bAlfa y Omega, _c2000. |
||
| 300 |
_a54 p. ; _c25 cm. |
||
| 942 |
_2ddc _cLBS1 |
||
| 999 |
_c6173 _d6173 |
||